Liedtext Die Glücksbärchis Ich möcht ein Glücksbärchi sein - Statistiken

Allgemein
  • Dieses Quiz wurde 21 mal gespielt
  • Das Durchschnittsergebnis liegt bei 69 aus 120
Antwortstatistiken
Antwort % Korrekt
ein
100%
Glücksbärchi
100%
Ich
100%
ich
100%
möcht
94%
sein
94%
sein!
94%
da
82%
das
82%
so
76%
(so
76%
wäre
71%
doch
65%
du
65%
du)
65%
ist
65%
wunderbar
65%
sonnenklar
59%
wie
59%
Wie
59%
der
47%
die
47%
was
41%
den
35%
Feuerwehrmann
35%
Liebe
35%
tut
35%
bring
29%
für
29%
herz
29%
in
29%
tun
29%
Welt
29%
alles
24%
an
24%
im
24%
mir
24%
ner
24%
Trompeter
24%
dich
18%
gefällt
18%
kein
18%
Mein
18%
Sonnenschein
18%
Sonnenschein-Bärchi
18%
von
18%
werd
18%
werden
18%
Loverlet
12%
Marschkapelle
12%
nicht
12%
wir
12%
Wolkenland
12%
als
6%
bei
6%
bloß
6%
Fang
6%
Koch
6%
wird
6%
Bärchis
0%
fest
0%
glücklichsten
0%
Leim
0%
machte
0%
Paar
0%
Traum
0%
wunderbares
0%
Wunsch-Bärchi
0%
zusammenhält
0%
Keine übereinstimmenden Quizze gefunden
Verteilung der Resultate
Anzahl Personen mit jedem Resultat
Perzentil nach korrekt beantworteten Fragen
Ihre Resultats-Entwicklung
Sie haben dieses Quiz noch nicht gespielt